State Name Split-Up #3 - Statistics

General Stats
  • This quiz has been taken 29 times
  • The average score is 9 of 16
Answer Stats
Hint Hint Answer % Correct
State #1 Superman's real name: Clark ___ Kent
100%
State #1 US STATE COMBINATION Kentucky
81%
State #3 Not old; Straight from the origin New
81%
State #3 What you use this sign for: + Add
69%
State #3 Reply word to show obviousness Duh
65%
State #1 What you need to unlock a door Key
65%
State #2 The object of a verb in first person Me
65%
State #2 Third person feminine pronoun She
65%
State #2 Another time; A second time Again
58%
State #2 US STATE COMBINATION Michigan
58%
State #3 US STATE COMBINATION Nevada
58%
State #1 Another word for speak or utter Talk
46%
State #4 Word signifying choice / option Or
35%
State #4 What chickens lay that we eat Egg
31%
State #4 No longer there; Dissapeared Gone
31%
State #4 US STATE COMBINATION Oregon
31%
No matching quizzes found
Score Distribution
Percent of People with Each Score
Percentile by Number Answered
Your Score History
You have not taken this quiz